| 000 | 00421nam a22001697a 4500 | ||
|---|---|---|---|
| 003 | NUST | ||
| 038 | _aa | ||
| 082 | _aBIT-10 AIM | ||
| 100 |
_aAiman Azhar _993405 |
||
| 245 | _aGeo tracking system for global rescue | ||
| 260 |
_aIslamabad _bNUST SEECS |
||
| 300 | _a85p.: | ||
| 500 | _aSupervisor: Mr. Atif Kamal | ||
| 563 | _aa | ||
| 856 | _uhttp://10.250.8.41:8080/xmlui/handle/123456789/10265 | ||
| 942 |
_cTHE _2ddc |
||
| 999 |
_c13087 _d13087 |
||